| 000 | 004620000a22001930004500 | ||
|---|---|---|---|
| 001 | 004950 | ||
| 003 | MACL | ||
| 005 | 20150908161309.0 | ||
| 008 | 150908b xxu||||| |||| 00| 0 eng d | ||
| 040 |
_aMACL _cMACL |
||
| 041 | _aEnglish | ||
| 082 | _a808.3/GAB | ||
| 100 |
_aGabriel, M.C. _99375 |
||
| 245 |
_aA Silence in The City _cM.C. Gabriel |
||
| 260 |
_aMumbai _c1995 _bDisha Books, |
||
| 350 | _a90 | ||
| 650 |
_aLiterature _99377 |
||
| 942 |
_k809 _cBK _2ddc |
||
| 999 |
_c16833 _d16833 |
||